| 000 | 00395nam a2200145 a 4500 | ||
|---|---|---|---|
| 003 | SISC | ||
| 005 | 20190708075002.0 | ||
| 008 | 120307s19uu xx 00 eng d | ||
| 050 |
_aCD _bM36 2009 |
||
| 100 | _aMartini, Frederic | ||
| 245 |
_aVirtual clinical excursions : _bfundamentals of anatomy & physiology / _cFrederic Martini. |
||
| 250 | _a5th ed. | ||
| 260 | _c2009. | ||
| 942 |
_cAVM _2lcc |
||
| 999 |
_c276357 _d276357 |
||